Proceso de estructuración de la ciudad de Panamá: informe final /

Đã lưu trong:
Chi tiết về thư mục
Tác giả chính: Uribe, Alvaro
Nhiều tác giả của công ty: PISPAL, CSUCA
Định dạng: Texto
Được phát hành: San José: CSUCA
Các nhãn: Thêm thẻ
Không có thẻ, Là người đầu tiên thẻ bản ghi này!

MARC

LEADER 00000 a a2200000 04500
001 21029
003
040
090 |a 090700  
100 |a Uribe, Alvaro  
110 |a PISPAL  
245 |a Proceso de estructuración de la ciudad de Panamá: informe final /  |c PISPAL  
260 |a San José:   |b CSUCA  
300 |a 93 p.  
710 |a CSUCA  
999 |c 13673  |d 13673